00827 2200253 4500001002100000005001700021008004100038035002400079082001100103090001600114100004400130245017600174260006000350300002400410700001900434700001100453700001900464700002100483700001300504700002300517850001200540985000600552999001500558YOGYA-0209000004696720090227031322.0 ind  0010-020900000046967 a899.20 a899.20bKem aPusat Pembinaan dan Pengembangan Bahasa aKemampuan mengapresiasi cerita rekaan siswa kelas III Sekolah Menengah Atas DKI JakartacSiti Chamdiah, Brahim, Zaniar Rahman, Tjut Rahma Gani, Djamilah, Suhartini Hartono aJakartabPusat Pembinaan dan Pengembangan bahasac.1981 axvi, 121 hlmc21 cm aSiti, Khamdiah aBrahim aRahman, Zaniar aRahma Gani, Tjut aDjamilah aHartono, Suhartini aYOPDYOG a1 aa000058800